000 00853nam a2200193 a 4500
001 000254385
003 AM-YeHGA
005 20250617125123.0
008 030815s1918 ua 000 | arm d
040 _aAM-YeHGA
100 1 _aԱզատեան, Հմայեակ Ս.
245 1 0 _aԲաբելոնը :
_bԵրգախառն կատակերգութիւն մէկ արարուածով : Առաջին մրցանակի արժ. Թոփալեան մրցման /
_cՀ.Ս. Ազատեան.
260 _aԳահիրե :
_bԱ. հ.,
_c1918.
300 _a16 էջ ;
_c20 սմ.
500 _aՏպագրութեան յանձնուեցաւ Հայաստանի անկախության հռչակման նախօրեակին
500 _aԱռանց տիտղթ.-ի, նկ. է կազմից
650 1 4 _aՀայ գրականություն
_xԹատերգություն
090 _c92846
999 _c91549
_d91549